000 01146nam a22003617a 4500
001 BR9503218
003 BR-BrBNA
005 20230928094533.0
007 ta
008 230509b bl.||||| |||| 00| 0 por d
040 _aBR-BrBNA
_bpor
_cBiblioteca Nacional de Agricultura
041 _a(Por)
072 _aP36
_b4650
090 _ 4650 BR9503218
100 1 _aSilva, M.L.N.
110 1 _aEscola Superior de Agricultura de Lavras, MG (Brasil)
_0Tese (Mestre em Solos e Nutricao de Plantas)
245 1 _aErodibilidade e impacto direto das gotas de chuva simulada sobre a superficie de latossolos sob cerrado
260 3 _aLavras, MG (Brasil):
_c1994.
300 _a109 p.
500 _a16 tables; 10 graphy; Bibliography p. 74-91 (110 ref.); Summaries (Eng, Por)
650 _aSolo
650 _aConservacao do Solo
650 _aErosao do Solo
650 _aErosao Hidrica
650 _aEnxurrada
650 _aSimulador de Chuva
650 _aCerrado
650 _aLatossolo Vermelho Escuro
650 _aLatossolo Vermelho Amarelo
650 _aMinas Gerais
909 _a202309
_bLucia
_c55
_dLucia Elande
942 _cBK
999 _c51210
_d51210